[Event "XX Sants Open 2018"]
[Site "Cotxeres de Sants"]
[Date "2018.08.24"]
[Round "8"]
[White "Petrov, Nikita"]
[Black "Cuartas, Jaime Alexander"]
[Result "1/2-1/2"]
[WhiteElo "2591"]
[BlackElo "2499"]
[Annotator "TA"]
[PlyCount "47"]
[EventDate "2018.08.17"]
[EventType "swiss"]
[EventCountry "ESP"]
[SourceTitle "playchess.com"]
[Source "ChessBase"]
[SourceQuality "1"]

{[%evp 13,47,16,10,18,21,18,15,15,15,20,35,37,38,27,29,12,26,29,29,21,24,12,11,0,10,10,2,0,0,4,18,12,12,0,8,0]} 1. Nf3 d5 2. d4 c6 3. Bf4 Nf6 4. e3 Bg4 5. Nbd2 e6 6. h3 Bxf3 {D02: 1 d4 d5 2 Nf3 sidelines, including 2...Nf6 3 g3 and 2...Nf6 3 Bf4} 7. Nxf3 Bd6 {LiveBook: 6 Games} 8. Bd3 Qc7 $146 ({Predecessor:} 8... O-O 9. O-O Qc7 10. Bxd6 Qxd6 11. c4 Nbd7 12. Qb3 Rab8 13. Rfd1 Rfe8 14. Rac1 {½-½ (44) Nguyen,N (2621)-Wang,H (2729) Dubai 2014}) 9. Bxd6 Qxd6 10. O-O Nbd7 11. c4 e5 12. dxe5 Nxe5 13. Nxe5 Qxe5 14. cxd5 Nxd5 15. Qb3 Qe7 16. Rad1 O-O 17. Bb1 Rfd8 {The position is equal.} 18. Rd4 g6 19. Rfd1 Nf6 20. Bc2 Rxd4 21. Rxd4 Rc8 22. Qa4 c5 23. Rd1 b6 24. Bb3 {Precision: White = 38%, Black = 56%.} 1/2-1/2

[Event "XX Sants Open 2018"]
[Site "Cotxeres de Sants"]
[Date "2018.08.24"]
[Round "8"]
[White "Cruz, Cristhian"]
[Black "Anurag, Mhamal"]
[Result "0-1"]
[WhiteElo "2571"]
[BlackElo "2484"]
[Annotator "TA"]
[PlyCount "74"]
[EventDate "2018.08.17"]
[EventType "swiss"]
[EventCountry "ESP"]
[SourceTitle "playchess.com"]
[Source "ChessBase"]
[SourceQuality "1"]

{[%evp 17,74,0,0,-46,-48,-32,-33,-45,-34,-38,-29,-35,-37,-35,-46,-61,14,-15,0,-48,-46,-205,-176,-170,-173,-168,-175,-168,-170,-191,-179,-191,-207,-200,-55,-196,-222,-255,-264,-239,-134,-164,-58,-163,-86,-128,-56,-147,-117,-168,-98,-29972,-29973,-29976,-29971,-29977,-29978,-29978,-29979]} 1. e4 c5 2. Nf3 e6 3. d4 cxd4 4. Nxd4 Nc6 5. Nc3 Qc7 6. Qd3 {B47: Sicilian: Taimanov: 5 Nc3 Qc7 6 f4, 6 g3 and 6 Be2} (6. g3 a6 7. Bg2 Nf6 8. O-O Be7 9. Re1 O-O 10. Nxc6 dxc6 11. e5 Rd8 12. Qf3 Nd5 13. h4 Nxc3 14. Qxc3 Bd7 15. Be3 c5 16. Rad1 Rac8 17. h5 Bc6 18. Rxd8+ Qxd8 19. Qc4 b5 20. Qf1 Bxg2 21. Qxg2 Qd5 22. Qxd5 exd5 {½-½ (44) Saric,I (2690)-Adhiban,B (2671) Linares 2018}) 6... a6 7. Be2 Nf6 8. a3 Nxd4 9. Qxd4 Bd6 {LiveBook: 16 Games} 10. Qe3 $146 ({Predecessor:} 10. g3 Be5 11. Qd3 Bxc3+ 12. bxc3 Nxe4 13. Bb2 d5 14. c4 O-O 15. cxd5 {0-1 (24) Pineau,A (1540)-Bihi,M (1920) France 2004}) 10... b5 11. f4 Bb7 12. Bf3 Bc5 13. Qd3 {[#]} d5 $1 {[%mdl 512] Hoping for ...Nxe4.} 14. e5 {[#]} (14. exd5 exd5) 14... Ne4 $1 $36 {[%mdl 2560] Black has good play.} 15. Bxe4 (15. Nxe4 dxe4) 15... dxe4 16. Qe2 O-O-O {[%cal Ba8d8,Bd8d4,Bd4e4][%mdl 32]} ({Better is} 16... Qc6 $15) 17. Be3 g5 18. Bxc5 Qxc5 19. Nxe4 $2 (19. fxg5 $15 h6 20. gxh6) 19... Bxe4 $19 20. Qxe4 Rd4 $1 {[%cal Rd4e4]} 21. Qa8+ Kc7 $1 22. Qxh8 Re4+ 23. Kd1 Qe3 {[%cal Re4d4]} 24. Qxh7 (24. c3 {gets mated.} Qd3+ 25. Kc1 Re2 26. Qd8+ Kxd8 27. Rd1 Rc2+ 28. Kb1 Qxd1+ 29. Ka2 Qd5+ 30. Kb1 Qd2 31. fxg5 Rxb2#) 24... Rd4+ 25. Qd3 Rxd3+ 26. cxd3 Qxd3+ {[%mdl 4096] Endgame KQ-KRR} 27. Kc1 Qc4+ 28. Kb1 {aiming for Rc1.} Qxf4 (28... Qe4+ $1 $19 29. Ka2 Qd5+ 30. Kb1 gxf4 31. Rc1+ Kb6) 29. Rc1+ Kb6 (29... Kd8 $19 30. a4 Qe4+ 31. Rc2 bxa4) 30. a4 (30. Ka2 $15) 30... bxa4 (30... Qxh2 $19 31. a5+ Kb7) 31. Ra3 Kb5 (31... Qxh2 $17 32. g3 Qe2 33. Rxa4 Qxe5 34. Rb4+ Ka7) 32. Rac3 (32. Rf3 $15 Qxh2 33. g3) 32... Qxe5 $17 33. g3 {[#]} g4 (33... f5 $1 $19 34. Rd1 f4) 34. b3 $2 {[%mdl 8192] [#]} (34. Rd1 $17) 34... Kb4 $1 {[%csl LRb3,LRc3] Black mates.} 35. Rc6 Ka3 {[%csl Ga3][%cal Re5b2]} 36. R1c2 Qe1+ 37. Rc1 Qe4+ {Precision: White = 34%, Black = 51%.} 0-1

[Event "XX Sants Open 2018"]
[Site "Cotxeres de Sants"]
[Date "2018.08.24"]
[Round "8"]
[White "Martinez Alcantara, Jose Eduardo"]
[Black "Neef, Maximilian"]
[Result "1-0"]
[WhiteElo "2561"]
[BlackElo "2463"]
[Annotator "TA"]
[PlyCount "130"]
[EventDate "2018.08.17"]
[EventType "swiss"]
[EventCountry "ESP"]
[SourceTitle "playchess.com"]
[Source "ChessBase"]
[SourceQuality "1"]

{[%evp 18,130,31,31,26,20,28,18,16,18,21,16,43,45,53,55,65,6,14,7,62,73,80,0,0,0,23,25,20,22,53,29,29,29,45,45,50,44,53,33,26,0,0,0,0,0,59,60,90,71,74,80,89,91,97,100,123,60,152,134,237,237,267,272,366,310,277,258,264,257,262,195,187,150,374,238,241,218,231,210,254,212,212,202,216,120,177,114,212,212,212,212,1412,1442,1464,1403,1147,1116,790,740,1450,1221,962,743,1670,1658,1625,1563,1416,1356,1098,672,29959,29960,5493]} 1. Nf3 Nf6 2. c4 g6 3. g3 Bg7 4. Bg2 O-O 5. O-O d6 6. d4 Nc6 7. Nc3 a6 8. Bf4 Rb8 {E63: King's Indian: Fianchetto: Panno Variation with 7...a6} 9. Rc1 Bd7 10. a3 {LiveBook: 15 Games} h6 $146 {White is slightly better.} ({Predecessor:} 10... b5 11. cxb5 axb5 12. b4 Re8 13. d5 Na7 14. e4 Ng4 15. Qe2 Ne5 16. Rfd1 {½-½ (60) Bu,X (2693)-Ding,L (2714) Danzhou 2014}) 11. h3 Qc8 12. Kh2 b5 13. cxb5 axb5 14. b4 g5 15. Bd2 e5 16. dxe5 dxe5 17. Ne1 {[#]} (17. e4 $14) 17... e4 $1 $11 {[%mdl 512]} 18. Be3 (18. Nxe4 Nxe4) 18... Ne5 (18... Rd8 $11) 19. Bd4 $14 Re8 20. Nc2 (20. f4 $16 exf3 21. Nxf3) 20... Bf5 $11 21. Ne3 Bg6 22. Qb3 c6 23. Rfd1 Qb7 24. Qb2 Qe7 25. Nb1 Qc7 26. Nd2 h5 27. Kg1 $36 {[%mdl 2048] White has the initiative.} h4 28. g4 (28. Bxe5 $5 Qxe5 29. Qxe5 Rxe5 30. Rxc6 $14) 28... Rbd8 29. Ndf1 Nd5 30. Nxd5 Rxd5 31. Ne3 Rd7 (31... Rxd4 $11 32. Rxd4 Qb6) 32. Bc3 $14 Red8 33. Rxd7 Rxd7 34. Qa1 Bf6 35. a4 bxa4 36. Qxa4 Qd6 37. Qa1 (37. Bxe5 $1 $16 Bxe5 38. Rxc6 (38. Qxc6 Bh2+ 39. Kf1 Qd4 $16)) 37... Kg7 {[#]} (37... Qe7 $14) 38. Qb1 $1 $16 Qe6 (38... Re7 $16) 39. Bxe4 $18 Re7 {If only Black now had time for ...Nxg4....} 40. Bf5 Qd6 41. Rd1 Qb8 {and the idea ...Nf3+ leaves Black hopeful.} 42. Qb2 Kh7 43. Qc2 Bg7 44. Bxe5 Rxe5 45. Qxc6 Bxf5 $2 (45... Qxb4 $16 46. Rb1 Qd4) 46. Nxf5 {And now Rd7 would win.} Qxb4 47. Qf3 Qa4 48. Qd3 Qb5 49. Qxb5 Rxb5 {[%mdl 4096] Endgame KRB-KRN} 50. Rd7 Kg8 51. Kg2 (51. f4 $18) 51... Bf8 {[#]} (51... Rb2 $16) 52. Ne3 ({White should try} 52. f4 $1 $18) 52... Kg7 (52... Rb2 $16) 53. Rd5 Rxd5 54. Nxd5 {KB-KN} Ba3 $2 (54... Kg6 55. Kf3 Bd6) 55. Kf3 Kg6 56. Ne3 Kf6 57. Ke4 Bc5 58. Nd5+ Kg6 59. e3 Ba3 60. f4 Bc1 61. Ne7+ Kf6 62. Nf5 Ba3 63. Nd4 Kg6 64. Nf3 f6 65. fxg5 fxg5 {Precision: White = 67%, Black = 30%.} 1-0

[Event "XX Sants Open 2018"]
[Site "Cotxeres de Sants"]
[Date "2018.08.24"]
[Round "8"]
[White "Vaibhav, Suri"]
[Black "Demchenko, Anton"]
[Result "1/2-1/2"]
[WhiteElo "2561"]
[BlackElo "2670"]
[Annotator "TA"]
[PlyCount "187"]
[EventDate "2018.08.17"]
[EventType "swiss"]
[EventCountry "ESP"]
[SourceTitle "playchess.com"]
[Source "ChessBase"]
[SourceQuality "1"]

{[%evp 13,187,6,14,6,0,0,0,0,10,0,0,0,0,0,8,0,0,0,0,0,0,-19,-18,-20,-19,-20,-22,-25,-27,-14,-24,-20,-22,-16,-16,-31,0,0,0,0,0,0,23,0,38,40,36,13,20,14,45,33,50,14,51,41,51,0,0,-114,-156,-141,15,0,0,-110,-77,-134,-114,-165,-146,-145,-135,-487,-433,-453,-202,-199,-175,-523,-68,-73,-70,-68,-69,-83,-80,-110,0,-8,0,-41,-41,-42,-42,-47,-43,-55,-55,-55,-26,-55,-47,-55,-48,-48,-48,-48,-48,-55,-55,-55,-48,-48,-48,-48,-48,-48,-48,-48,-48,-55,-10,-22,-22,-22,-22,-22,-22,-26,-26,-26,-26,-26,-26,-26,-22,-22,-22,-22,-22,-22,-22,-22,-22,-22,-22,-22,-22,-22,-20,-20,-20,-20,-20,-20,-20,-20,-20,-20,-20,-20,-20,-20,-20,-20,-20,-20,-20,-20,-20,-20,-18,-18,0,0]} 1. Nf3 Nf6 2. g3 g6 3. b3 Bg7 4. Bb2 d6 5. d4 b5 (5... O-O 6. Bg2 Nbd7 7. O-O Re8 8. c4 c6 9. Nc3 e5 10. d5 cxd5 11. cxd5 e4 12. Nd4 e3 13. f4 Ng4 14. Nc2 Ndf6 15. Qe1 Bf5 16. Nd4 Be4 17. Nxe4 Nxe4 18. Ne6 fxe6 19. Bxg7 {0-1 (60) Carlsen,M (2837)-Grischuk,A (2772) Riadh 2017}) 6. Bg2 {A49: 1 d4 Nf6 2 Nf3 g6 3 g3: Anti-King's Indian systems} Bb7 7. O-O O-O {LiveBook: 7 Games} 8. Na3 Qd7 $146 ({Predecessor:} 8... a6 9. c4 c6 10. Rc1 Nbd7 11. Re1 c5 {0-1 (67) Katyshkina,A (1923)-Pimenov,R (2186) St Petersburg 2012}) 9. c4 bxc4 10. Nxc4 a5 11. Rc1 Qb5 12. a4 Qa6 13. Re1 Nbd7 14. Nfd2 Bxg2 15. Kxg2 Nd5 {[%cal Bf6d5,Bd5b4,Bb4d3][%mdl 32]} 16. e4 Nb4 17. Qe2 c6 18. Nf3 d5 19. exd5 cxd5 20. Ne3 $1 Nd3 21. Nxd5 Nxe1+ 22. Qxe1 Qb7 23. Nxe7+ Kh8 24. Bc3 Qxb3 25. d5 Bxc3 26. Rxc3 Qb4 ({Much worse is} 26... Qxa4 $6 27. Rc7 $14) 27. Ne5 Qd6 28. N5c6 f6 29. Re3 {[%mdl 1024] White has compensation.} Rf7 30. Re6 Qc5 31. h4 Raf8 32. Qe4 Rg7 33. Qe2 Qa3 34. h5 gxh5 $1 35. Qxh5 (35. Nf5 $14 Rg5 36. Re7 Rxf5 37. Qe4 (37. Rxd7 Qc5 $11) 37... Rxf2+ 38. Kxf2 Qa2+ 39. Kg1) 35... Qxa4 $11 36. Qh6 (36. Nf5 $11 Rg5 37. Qh6) 36... Qg4 $1 $17 37. Qe3 {[#]} Qg5 $2 (37... Ne5 $1 $17 38. Nxe5 fxe5) 38. Qd4 Ra8 39. Re1 (39. Qb2 $11 {keeps the balance.} Rf8 40. Qa3) 39... a4 40. Qb4 Ne5 $1 {[%cal Re5d3]} 41. Nxe5 (41. Qc3 $17 {might work better.}) 41... fxe5 $19 42. d6 Rf8 {Threatens to win with ...Qf6.} 43. Kg1 $2 {[%mdl 8192]} (43. Re2 $17 {is tougher.}) 43... Qf6 44. Qc5 {[#]} a3 $1 45. Ra1 (45. Qxa3 Qxf2+) 45... Rgf7 {[%cal Rf6f2]} 46. Nc6 $2 (46. Rxa3 {nothing else works.} Qxf2+ 47. Qxf2 Rxf2 48. Nc6) 46... Rd7 $2 (46... Rc8 $19 {Hoping for ...e4.} 47. Ra2 Rd7 48. Qxe5 Rxd6 49. Qxf6+ Rxf6) 47. Nxe5 $15 Rxd6 48. f4 Rd2 49. Rxa3 {[#]} Rb8 $1 {[%cal Rb8b1] ( -> ...Rb1+)} 50. Ra1 {[#]} Qg7 ({Black should try} 50... Qe6 $1 $17 {...Rg8 is the strong threat.} 51. Qc7 Rdb2) 51. Qc3 $11 Rdb2 52. Qxb2 Rxb2 53. Ra8+ {[#]} Qg8 $1 {[%cal Rg8a8]} 54. Rxg8+ Kxg8 $15 {[%mdl 4096] Endgame KR-KN} 55. Ng4 Kg7 56. Nf2 Kf6 57. Kg2 Kf5 58. Kg1 Rb3 59. Kg2 Ra3 60. Kh3 Ra2 (60... Ra4 {seems wilder.} 61. Nd3 Ra2 62. Ne5 Ra1 63. Nc4 h5) 61. Kg2 h5 62. Kf3 Ra3+ 63. Kg2 Rb3 {And now ...Ra3 would win.} 64. Kh3 Rf3 65. Kg2 Ra3 {aiming for ...Re3.} 66. Kh3 Ra2 (66... Rc3 {looks sharper.} 67. Kh4 Rc8 68. Nd3 Rd8 69. Ne5 Rd1) 67. Nd3 h4 68. Ne1 hxg3 69. Kxg3 Ra3+ 70. Kf2 Kxf4 71. Ng2+ Ke4 72. Nh4 Rh3 73. Ng2 $1 Rf3+ 74. Ke2 Rf8 (74... Rb3 {feels hotter.} 75. Kf2 Rb2+ 76. Kg3 Rd2 77. Nh4 Rd8) 75. Ne1 {The position is equal.} Ra8 76. Kd2 Ra3 77. Nc2 Rd3+ 78. Ke2 Rd7 (78... Rf3 {with more complications.} 79. Kd2 Kf4 80. Ne1 Rg3 81. Nc2 Kf5) 79. Ne1 Rd8 80. Nf3 Re8 81. Ne1 Kd4+ 82. Kd2 Rh8 83. Nc2+ Ke4 84. Kc3 Rh2 85. Nb4 Rh3+ 86. Kc4 Rh8 87. Kc3 Rc8+ 88. Kd2 Rc7 89. Nc2 Kd5 90. Kd3 Kc5 91. Ne3 Rh7 92. Ke4 Re7+ 93. Kd3 Rxe3+ 94. Kxe3 {Precision: White = 65%, Black = 60%.} 1/2-1/2

[Event "XX Sants Open 2018"]
[Site "Cotxeres de Sants"]
[Date "2018.08.24"]
[Round "8"]
[White "Volkov, Sergey"]
[Black "Lodici, Lorenzo"]
[Result "1-0"]
[WhiteElo "2557"]
[BlackElo "2447"]
[Annotator "TA"]
[PlyCount "81"]
[EventDate "2018.08.17"]
[EventType "swiss"]
[EventCountry "ESP"]
[SourceTitle "playchess.com"]
[Source "ChessBase"]
[SourceQuality "1"]

{[%evp 21,80,-37,-26,-20,-24,-23,-15,-4,0,0,0,0,20,7,12,18,17,10,26,34,68,52,91,79,79,73,72,39,65,74,114,113,113,122,125,119,210,213,213,213,213,212,254,255,235,213,227,234,203,201,246,202,681,560,29974,29972,29994,29995,29995,29996,29999]} 1. d4 Nf6 2. c4 e6 3. Nc3 Bb4 4. e3 O-O 5. Nge2 Re8 6. a3 Bf8 7. g3 d5 {E46: Nimzoindisch (Rubinstein-System)} 8. cxd5 exd5 9. Bg2 c6 (9... a5 10. O-O Na6 11. Nf4 c6 12. f3 c5 13. Kh1 Nc7 14. g4 h6 15. Nce2 {0-1 (54) Nakamura,H (2787)-Carlsen,M (2853) chess.com INT 2016}) 10. O-O a5 11. Bd2 Na6 {[%cal Bb8a6,Ba6c7,Bc7e6][%mdl 32] LiveBook: 4 Partien} 12. Rc1 Nc7 13. Nf4 $146 ({Vorgänger:} 13. Na4 Ne6 14. b4 Ne4 15. Be1 axb4 16. axb4 {0-1 (40) Volkov,S (2614)-Morozevich,A (2707) Moscow 2005}) 13... Ne6 14. Nd3 b6 15. Qc2 Bb7 16. Rfd1 Rc8 17. b4 axb4 18. axb4 Bd6 19. Qb3 b5 20. Nc5 Nxc5 21. dxc5 Bc7 22. e4 Nxe4 23. Nxe4 dxe4 24. Bf4 $36 {[%mdl 2048] Weiss kämpft um Vorteil.} Qf6 25. Bd6 Bxd6 26. Rxd6 (26. cxd6 $6 Rcd8 $11) 26... Qf5 27. Re1 $1 Re7 28. Qc2 $1 {[%cal Rg2e4]} Rce8 {[#]} (28... g6 $16) 29. Bxe4 $1 $18 {[%mdl 512]} Qh3 {[#] und nun wäre ...f5! stark für Schwarz.} (29... Rxe4 $2 30. Rxe4 Rf8 31. Qd3 $18) 30. Re3 $1 g6 31. Bg2 ({Schlechter ist} 31. Bxc6 Rxe3 32. fxe3 Bxc6 $14) 31... Qc8 32. Rxe7 Rxe7 33. Qd2 Qf5 34. h4 ({Bloß nicht} 34. Rd8+ $6 Kg7 $16) 34... Kg7 {[#]} 35. Kh2 $1 h6 36. f4 g5 $2 (36... Re8 37. Qd4+ (37. Bxc6 Bxc6 38. Rxc6 Qb1 $11) 37... Kg8) 37. Bh3 Qe4 38. Qc3+ {Weiß setzt Matt.} Kh7 {[#]} 39. Rxh6+ $1 {[%mdl 512]} Kxh6 40. Qh8+ Kg6 41. h5# {Precision: Weiß = 99%, Schwarz = 41%.} 1-0

[Event "XX Sants Open 2018"]
[Site "Cotxeres de Sants"]
[Date "2018.08.24"]
[Round "8"]
[White "Sviridov, Valery"]
[Black "Svetushkin, Dmitry"]
[Result "1/2-1/2"]
[WhiteElo "2528"]
[BlackElo "2580"]
[Annotator "TA"]
[PlyCount "163"]
[EventDate "2018.08.17"]
[EventType "swiss"]
[EventCountry "ESP"]
[SourceTitle "playchess.com"]
[Source "ChessBase"]
[SourceQuality "1"]

{[%evp 27,163,-2,0,-7,-2,-13,-9,-29,-23,-16,-6,-20,-19,-10,0,-19,-16,-18,-17,-18,-16,-18,-9,-19,26,29,22,8,3,12,52,29,93,81,293,294,270,59,363,346,361,223,346,232,493,548,572,572,473,23,26,23,19,16,10,18,30,27,49,56,40,51,54,37,47,28,35,26,23,33,25,36,88,87,84,91,205,205,193,181,205,205,205,78,78,78,80,44,81,81,93,91,92,96,94,94,94,13,13,13,14,14,14,0,0,0,8,0,8,8,9,0,22,22,53,53,235,0,0,0,0,0,0,0,1,1,14,14,175,14,14,14,14,14,14,14,14,13]} 1. d4 d5 2. c4 c6 3. Nf3 Nf6 4. Nc3 e6 5. e3 a6 6. Be2 dxc4 7. Bxc4 b5 8. Bd3 c5 9. dxc5 Bxc5 10. O-O Bb7 11. a3 {D27: Angenommenes Damengambit (Hauptvariante 7.e4, 7.a4)} Nbd7 12. b4 Be7 13. Bb2 Rc8 14. Qe2 O-O {LiveBook: 3 Partien} 15. Rfd1 Qc7 16. Rac1 Qb8 17. Nd2 $146 ({Vorgänger:} 17. h3 Rfd8 18. Nb1 Rxc1 19. Rxc1 Ne4 20. Nbd2 Nxd2 21. Nxd2 Qa8 22. Nf3 Bf6 23. Bxf6 Nxf6 24. Ne1 h6 25. Rc7 Rd7 26. Rxd7 {½-½ (26) Spirin,O (2446)-Malakhatko,V (2612) Esbjerg 2008}) 17... Ne5 18. Bb1 Rfd8 19. h3 Qa8 20. f4 {[%cal Bf2f4,Bf4f5][%mdl 32]} Ng6 21. Qf2 Rd7 22. f5 Nf8 23. Nb3 {[%cal Bd2b3,Bb3d4,Bd4f3,Bf3g5][%mdl 32]} Rxd1+ 24. Rxd1 Qb8 25. Nd4 Kh8 26. fxe6 fxe6 27. Rf1 Qe5 28. e4 {Weiss will Sf3 spielen.} Ng6 (28... Bxe4 $2 29. Nxe4 Nxe4 30. Qe2 $18) ({Jedoch nicht} 28... Bd6 $2 29. Nf3 $18) 29. Nf3 $36 {[%mdl 2048] Weiss hat Druck.} Qf4 (29... Qb8 $1 $11) 30. Ne2 $16 Qc7 $2 (30... Qb8 $16) 31. Ng5 $1 $18 Qc4 32. e5 $2 (32. Rc1 $18 Qb3 33. Nc3) 32... Ne4 $2 {[%mdl 8192]} (32... Ng4 $1 $14 33. Nf7+ Kg8 34. hxg4 Rf8 35. Bxg6 hxg6) 33. Bxe4 Bxe4 34. Nf7+ Kg8 {Und weiter mit ...Tf8 wäre nett.} 35. Nd6 Bxd6 $2 (35... Rf8 {ist eine bessere Verteidigung.} 36. Qxf8+ (36. Nxc4 Rxf2 37. Kxf2 bxc4 $18) 36... Nxf8 37. Nxc4 bxc4) 36. Qf7+ ({Nicht} 36. exd6 Rf8 $18) 36... Kh8 37. exd6 {[%csl Gf7][%cal Rb2g7]} e5 38. d7 $2 ({Weiss braucht} 38. Rc1 $1 $18 {[%cal Rc1c4]} Qxf7 39. Rxc8+ Nf8 40. d7) 38... Rd8 $11 39. Bxe5 {[%csl Gf7][%cal Re5g7]} Qxf7 40. Rxf7 Nxe5 41. Re7 {Weiss droht Te8+ und Matt.} Bg6 42. Rxe5 Rxd7 {[%mdl 4096] Endspiel KTL-KTS} 43. Re6 Ra7 44. Nd4 Kg8 45. Rd6 Be4 46. Ne6 {Und Sg5 würde nun gewinnen.} Bf5 47. Nc5 a5 48. Rb6 axb4 49. axb4 Bd7 (49... h5 $14) 50. Nxd7 $16 Rxd7 51. Rxb5 {KT-KT} Rd1+ (51... Kf7 $16) 52. Kf2 $18 Rd2+ 53. Kf3 Rb2 54. Rb7 h5 55. h4 (55. b5 $18 {bietet bessere Gewinnchancen.}) 55... Kh7 $16 56. g3 Kg6 57. Rb6+ Kf5 58. Rb5+ Kf6 59. Kf4 Rb3 60. Rf5+ $1 Ke6 {[#]} 61. Re5+ $1 Kf6 {[#]} 62. Rb5 ({Lieber} 62. Re4 $1 $16) 62... g6 $11 63. Rb7 Ke6 64. Rb6+ Kf7 $1 65. b5 Kg7 $1 66. Rb7+ Kf6 67. Rb6+ Kf7 68. Ke5 Re3+ 69. Kf4 Rb3 70. Rb8 Kf6 71. b6 {Droht b7 und aus.} Rb4+ $2 (71... Kg7 $1 $14 72. b7 Rb4+ 73. Ke3 Rb1) 72. Ke3 $2 (72. Kf3 $18) 72... Kf5 $1 73. b7 {zielt auf Tf8+ ab.} Rb3+ 74. Kd4 Kg4 75. Rg8 (75. Kd5 {feels hotter.} Kxg3 76. Kc5 Kxh4 77. Kc6 Rc3+ 78. Kb5) 75... Rxb7 76. Rxg6+ Kf5 77. Rg5+ Kf6 78. Ke4 $2 (78. Rxh5 $18 {Droht stark Ke4.} Rg7 79. Ke4 Rxg3 80. Kf4) 78... Rh7 {Die Stellung ist ausgeglichen.} 79. Kf4 {Droht Ta5.} Rh8 80. Ra5 Kg6 81. Ra6+ Kh7 $1 82. Ke4 {Precision: Weiß = 47%, Schwarz = 56%.} 1/2-1/2

[Event "XX Sants Open 2018"]
[Site "Cotxeres de Sants"]
[Date "2018.08.24"]
[Round "8"]
[White "Valsecchi, Alessio"]
[Black "Heimann, Andreas"]
[Result "1/2-1/2"]
[WhiteElo "2500"]
[BlackElo "2590"]
[Annotator "TA"]
[PlyCount "24"]
[EventDate "2018.08.17"]
[EventType "swiss"]
[EventCountry "ESP"]
[SourceTitle "playchess.com"]
[Source "ChessBase"]
[SourceQuality "1"]

{[%evp 17,18,0,0]} 1. e4 e5 2. Nf3 Nc6 3. Nc3 Nf6 4. a3 d5 5. Bb5 Nxe4 6. Qe2 {C47: Scotch Four Knights and Four Knights with 4 g3} Nxc3 (6... Qd6 7. Nxe4 dxe4 8. Qxe4 Bd7 9. d3 O-O-O 10. O-O Re8 11. Qe2 Qg6 12. Be3 Bd6 {0-1 (55) Caruana,F (2816)-Kramnik,V (2792) Paris 2018}) 7. Qxe5+ Qe7 8. dxc3 Bd7 9. Qxe7+ Bxe7 {LiveBook: 4 Games} {Predecessor:} 10. Bf4 $146 O-O-O 11. O-O-O Bg4 12. Bxc6 bxc6 {½-½ (59) Bergstrom,R (2272)-Kakumanu,K (2367) Stockholm 2018} 1/2-1/2

[Event "XX Sants Open 2018"]
[Site "Cotxeres de Sants"]
[Date "2018.08.24"]
[Round "8"]
[White "Narciso Dublan, Marc"]
[Black "Hoefelsauer, Thomas"]
[Result "0-1"]
[WhiteElo "2483"]
[BlackElo "2339"]
[Annotator "TA"]
[PlyCount "114"]
[EventDate "2018.08.17"]
[EventType "swiss"]
[EventCountry "ESP"]
[SourceTitle "playchess.com"]
[Source "ChessBase"]
[SourceQuality "1"]

{[%evp 12,114,21,0,1,8,29,29,29,19,41,32,32,33,37,33,37,39,34,32,54,49,57,40,52,47,97,63,73,73,57,35,86,79,84,63,98,84,93,85,85,85,131,126,131,119,146,131,131,106,106,106,106,106,119,106,120,106,105,97,99,99,105,105,124,120,115,83,131,131,154,84,90,86,114,78,81,78,97,76,81,81,83,65,73,17,17,29,37,8,8,0,0,-406,-406,-381,-341,-29975,-29976,-29976,-29977,-29977,-29978,-29978,-29978]} 1. d4 d5 2. Bg5 h6 3. Bh4 c6 4. Nf3 Bf5 5. e3 Nd7 6. c4 {D00: 1 d4 d5: Unusual lines} Ngf6 7. cxd5 {LiveBook: 3 Games} (7. Nc3 e6 8. Qb3 Qb6 9. Bg3 Ne4 10. c5 Qxb3 11. axb3 Nxg3 12. hxg3 a6 {½-½ (46) Artemiev,V (2691)-Dreev,A (2653) Riadh 2017}) 7... cxd5 8. Nc3 {The position is equal.} g5 $146 ({Predecessor:} 8... Ne4 9. Qb3 Nxc3 10. bxc3 Qa5 11. Be2 f6 12. O-O {1-0 (63) Paragua,M (2492)-Dimakiling,O (2404) Subic Bay 2016}) 9. Bg3 e6 10. Be2 Bb4 11. Qb3 Qb6 12. O-O {[#] Threatens to win with Nb5.} Bxc3 $1 13. bxc3 Qxb3 14. axb3 Ne4 15. Rfc1 Nxg3 16. hxg3 Ke7 17. c4 $36 {[%mdl 2048] White is more active.} Rhc8 18. c5 Bg4 19. Bb5 {Bxd7 is the strong threat.} Bxf3 20. gxf3 a6 21. Bd3 Nb8 (21... a5 $14) 22. b4 Nc6 23. Rab1 Kd7 24. Kg2 h5 25. f4 gxf4 26. gxf4 f5 27. Kh3 Rg8 28. Rb2 Kc7 29. Rcb1 Rg7 30. b5 axb5 31. Bxb5 Nd8 32. Be2 Ra7 33. Kh2 Nc6 34. Bf3 Kc8 35. Rg1 Rxg1 36. Kxg1 $16 {[%mdl 4096] Endgame KRB-KRN} h4 37. Kg2 Kc7 38. Kh3 Ra3 {...Nxd4 would now be nice for Black.} 39. Rd2 Ra8 40. Kxh4 Rg8 41. Rd1 (41. Rb2 $142) 41... b6 42. cxb6+ Kxb6 43. Kh5 Kc7 44. Kh6 Rh8+ 45. Kg5 Kd6 46. Rb1 Rb8 47. Rh1 Rb2 48. Rh2 ({White should play} 48. Kf6 $16) 48... Nb4 $11 49. Kf6 Nd3 50. Rh7 Rxf2 51. Bh5 {Strongly threatening Be8.} (51. Bd1 {is more complex.} Nb2 52. Bb3 Re2 53. Re7 Rxe3 54. Bc2) 51... Rh2 52. Bg6 $2 {[%mdl 8192] [#]} (52. Kg5 $11) 52... Rxh7 $1 $19 53. Bxh7 Nf2 54. Bxf5 $2 (54. Bg6 $19 Ng4+ 55. Kf7) 54... exf5 {Black mates.} 55. Kxf5 Nd1 56. Kg6 Nxe3 57. f5 Nc2 {Precision: White = 51%, Black = 56%.} 0-1